00341nam a22001457a 4500003000700000005001700007008004100024082001500065100001400080245003700094260002800131300000800159490002300167650000500190MPLRDC20220104114708.0210129b ||||| |||| 00| 0 eng d a868.71 BD  a半岛著 a第三世界兴起的新纪元c ab摸象出版社c1974 b平 a摸象丛书之一 a